000 00783nam a2200253Ia 4500
003 OSt
005 20221005093635.0
006 a|||||r|||| 00| 0
007 ta
008 221004b |||||||| |||| 00| 0 ara d
020 _a9789957350604 (pbk)
_c2188
024 _a22346
037 _b962, 12/03/2015, Nadwi Publications
_cTextual
040 _aCRL
_cCRL
_bara
041 _2ara
_aara
082 _aO28,1:g, Q2
100 _aShamri Mohammad Abbas Au.
_9618655
245 0 _aKaseer izzat bben naqadia qadeeman-o-hadeesa
260 _aOman
_bDarulhamid Muscat
_c2012
300 _a219p.
_ccm.
650 _aARABIC POETRY
942 _hO28,1:g, Q2
_cTEXL
_2cc
999 _c1000776
_d1000776